000
00286nam a2200097Ia 4500
008
231221s9999 xx 000 0 und d
245
0
_a
Michigan law review
260
_c
1948
_b
University of Michigan Law School (United States)
500
_a
Gratis from NLSIU. Acc. No 8819
942
_c
BD
999
_c
238460
_d
238460